000 00788nam a22002177a 4500
005 2010081201091.0
010 _aENG-99880
020 _c200.00
_a9380060769
020 _c200.00
_a9789380060767
035 _aEN-83412
037 _bDBAD/PUB
082 _a658.3
100 _aMuralidharan, D.
_911737
245 _aHuman resource management /
_cby D.Muralidharan
260 _aSalem
_bM.S.K. Publications
_c2009
270 _bSalem
_e636103
_a3/189E, Athanoor, Amman koil st. Masinaganptti- p.o., Ayyothiyapattinam
300 _a122p.
_c21cm (pbk)
650 _aPersonnel management
_911738
942 _2ddc
_cEN
_h658.3
_mMUR
999 _c41338
_d41338